00241nam a22001097a 4500003000400000020002200004082001300026100001800039245003700057260002900094300000800123SGT a978-81-8704-028-0 a641bBAG aBAGCHI, S.N.  aTB. OF FOOD AND BEVERAGE SERVICE aDELHI bAMAN PUB. c2004 a531